000 01444naa a22003857a 4500
001 BR8101358
003 BR-BrBNA
005 20240918174726.0
007 ta
008 230509b bl.||||| |||| 00| 0 por d
040 _aBR-BrBNA
_bpor
_cBiblioteca Nacional de Agricultura
041 _a(Pt)
072 _aH50; F28; L30
_b1910
_b5212
_bG514
090 _aH50 BR8101358
100 1 _aCosta, B.M. da
111 1 _a5. Simposio sobre Manejo da Pastagem
_cPiracicaba, SP (Brazil)
_d5 Sep 1978
245 1 _aDegradacao das pastagens [Bovino; Brasil]
246 1 _a[Range degradation [Bovine; Brazil]]
246 1 _a[Annals of the 5. Symposium on Range Management]
260 3 _aCampinas, SP (Brasil):
_c1980.
500 _aPeixoto, A.M.; Moura, J.C. de; Furlan, R. da S. (eds.) Anais do 5. Simposio sobre Manejo da Pastagem Campinas, SP (Brasil): 1980. p. 5-27 (BR8101358-AM)H50
650 _aDisturbio vegetal
650 _aErosao do solo
650 _aNutricao animal
650 _aPastagem
650 _aBovino
650 _aCapacidade de suporte
650 _aManejo
650 _aPastejo
650 _aSuper-pastejo
650 _aQueimada
773 0 _tAnais do 5. Simposio sobre Manejo da Pastagem
_aPeixoto, A.M.; Moura, J.C. de; Furlan, R. da S. (eds.). Fundacao Cargill, Campinas, SP (Brasil)
_wH50 BR8101358
_gCampinas, SP (Brasil), 1980. p. 5-27
909 _a202404
_bLucia
_c55
_dLucia Elande
942 _cAM
_2AGRIS
999 _c313159
_d313159